000 00312nam a2200121Ia 4500
005 20260328104248.0
008 260328s9999||||xx |||||||||||||| ||und||
100 _aGispert, Carlos
245 0 _aHistoria de las Antiguas Civilizaciones /
_cCarlos Gispert
260 _bOcéano
650 _aHISTORIA
942 _cBK
999 _c10160
_d10160